Airlines of Manchester Airport (MAN) 2025 - Statistics

General Stats
  • This quiz has been taken 68 times
  • The average score is 34 of 49
Answer Stats
Answer % Correct
British Airways
98%
easyjet
98%
Emirates
98%
Aer Lingus
96%
Ryanair
96%
KLM
94%
Virgin Atlantic
94%
Lufthansa
92%
Qatar Airways
92%
Etihad Airways
90%
TUI Airways
90%
Air France
88%
Scandinavian Airlines
88%
TAP Air Portugal
88%
Swiss International Air Lines
85%
Iberia Express
83%
Jet2.com
83%
Turkish Airlines
83%
Aegean Airlines
81%
Air Canada
81%
Egyptair
79%
Icelandair
79%
Loganair
79%
Singapore Airlines
79%
Brussels Airlines
77%
Finnair
77%
Vueling
71%
Royal Air Maroc
69%
Austrian Airlines
67%
Cathay Pacific
67%
Ethiopian Airlines
63%
Pegasus Airlines
63%
Saudia
63%
Eurowings
60%
SunExpress
56%
Gulf Air
52%
Royal Jordanian
52%
Hainan Airlines
50%
Norse Atlantic Airways
50%
Air Transat
48%
Corendon Airlines
46%
Aurigny
44%
Kuwait Airways
44%
Luxair
35%
Biman Bangladesh Airlines
31%
IndiGo
31%
Juneyao Air
25%
Norweigan Air Shuttle
21%
FlyOne
17%
No matching quizzes found
Score Distribution
Percent of People with Each Score
Percentile by Number Answered
Your Score History
You have not taken this quiz